000 00850cam a22002531 4500
001 gs 65000151
003 DLC
005 20260227111416.0
008 760617s1964 xx 000 0 eng
010 _ags 65000151
035 _a(OCoLC)2232887
040 _aDLC
_cMeU-P
_dDLC
042 _apremarc
050 0 0 _aQE171
_b.A3 no. 23
100 1 _aDennis, John G.
_q(John Gordon),
_d1920-
245 1 4 _aThe geology of the Enosburg area, Vermont,
_cby John G. Dennis.
260 _aMontpelier,
_bVermont Development Dept.,
_c1964.
300 _a56 p.
_billus., maps (3 fold. col. in pocket)
_c23 cm.
490 1 _aVermont. Geological Survey. Bulletin
_vno. 23
504 _aBibliography: p. 54-56.
650 0 _aGeology
_zVermont
_zEnosburg Region.
740 0 _aEnosburg area, Vermont.
810 1 _aVermont.
_bState Geologist.
_tBulletin ;
_vno. 23.
999 _c29992
_d29992